000 00773cam a22002533a 4500
001 22150
003 PGUSA
005 20140828083454.0
008 070726s2007||||xxu|||||s|||||000 | eng d
040 _aPGUSA
_beng
042 _adc
050 4 _aQH
100 1 _aSchmid, Rudolf,
_d1828-1907
245 1 4 _aThe Theories of Darwin and Their Relation to Philosophy, Religion, and Morality
_h[electronic resource] /
_cRudolf Schmid
260 _bProject Gutenberg,
_c2007
506 _aPublic domain in the USA.
516 _aElectronic text
653 _aEvolution
653 _aReligion and science
700 1 _aZimmermann, G. A.
_q(Gustav Adolf),
_d1850-1903
830 0 _aProject Gutenberg
_v22150
856 4 0 _uhttp://www.gutenberg.org/ebooks/22150
942 _cEB
999 _c251405
_d251405